[Event "Collado Villalba 2015 Torneo B"]
[Site "Collado Villalba (ESP)"]
[Date "2015.08.29"]
[Round "8.15"]
[White "Rodriguez Bachiller, Luis"]
[Black "Guillo Longares, Cecilia"]
[Result "0-1"]
[WhiteElo "1685"]
[BlackElo "1674"]
[PlyCount "96"]
[EventDate "2015.08.22"]
[EventType "swiss"]
[EventRounds "9"]
[EventCountry "ESP"]
[Source "lmi"]
[SourceDate "2015.08.22"]

1. e4 c5 2. Nf3 Nc6 3. d4 cxd4 4. Nxd4 g6 5. c4 Bg7 6. Be3 d6 7. Nc3 Nf6 8. Qd2
Ng4 9. Nxc6 bxc6 10. Bf4 O-O 11. Be2 Ne5 12. O-O Ba6 13. b3 Qa5 14. Rac1 Qc7
15. c5 Bxe2 16. Nxe2 Rfd8 17. cxd6 exd6 18. Nd4 c5 19. Rfd1 Qb7 20. Nf3 Qxe4
21. Bxe5 dxe5 22. Qxd8+ Rxd8 23. Rxd8+ Bf8 24. Re1 Qb7 25. Rxe5 Kg7 26. Red5
Qe7 27. Kf1 h6 28. Ne5 Qe6 29. R8d7 Be7 30. h3 Kf8 31. Ng4 h5 32. Ne3 Qa6+ 33.
Rd3 Qxa2 34. f4 Bh4 35. Nd1 c4 36. bxc4 Qxc4 37. R7d4 Qb5 38. g4 hxg4 39. hxg4
Bf6 40. Rd5 Qc4 41. f5 Qxg4 42. fxg6 Qxg6 43. Nf2 Bh4 44. Ke2 Qg2 45. Rf5 Qg6
46. Rdf3 f6 47. Kf1 Kg7 48. R5f4 Bg5 0-1

[Event "Collado Villalba 2015 Torneo B"]
[Site "Collado Villalba (ESP)"]
[Date "2015.08.29"]
[Round "8.16"]
[White "Reyes Penas, Sebastian"]
[Black "Andrade Sandoval, Jim Carlos"]
[Result "0-1"]
[WhiteElo "1675"]
[BlackElo "1824"]
[PlyCount "96"]
[EventDate "2015.08.22"]
[EventType "swiss"]
[EventRounds "9"]
[EventCountry "ESP"]
[Source "lmi"]
[SourceDate "2015.08.22"]

1. e4 d6 2. d4 Nf6 3. f3 Nbd7 4. c4 c5 5. d5 g6 6. Nc3 Bg7 7. Be3 a6 8. Nh3 Nb6
9. Nf2 e6 10. Qd2 exd5 11. cxd5 Qe7 12. Bd3 O-O 13. O-O Bd7 14. Rfc1 Rac8 15.
Rab1 Na8 16. Ne2 Rfe8 17. Rc2 b5 18. b3 Nb6 19. Rbc1 Nbxd5 20. exd5 Qxe3 21.
Qxe3 Rxe3 22. Be4 Nxe4 23. Nxe4 Bf5 24. N2g3 Bd4 25. Kf1 Bxe4 26. Nxe4 Rd8 27.
Rd2 h6 28. b4 Rxe4 29. fxe4 Be3 30. Ke2 Bxd2 31. Kxd2 c4 32. a4 Re8 33. axb5
axb5 34. Re1 f5 35. Kc3 fxe4 36. Kd4 Kg7 37. Re3 Kf6 38. g3 Kf5 39. h3 h5 40.
Re1 e3 41. Rf1+ Kg5 42. Ra1 e2 43. Re1 h4 44. g4 Kf4 45. Kc3 Kf3 46. Kd4 Kf2
47. Rh1 e1=Q 48. Rh2+ Kf3 0-1

[Event "Collado Villalba 2015 Torneo B"]
[Site "Collado Villalba (ESP)"]
[Date "2015.08.29"]
[Round "8.17"]
[White "Barranco Martinez, Gabriel"]
[Black "Melcon Diez, Enrique"]
[Result "0-1"]
[WhiteElo "1784"]
[BlackElo "1639"]
[PlyCount "86"]
[EventDate "2015.08.22"]
[EventType "swiss"]
[EventRounds "9"]
[EventCountry "ESP"]
[Source "lmi"]
[SourceDate "2015.08.22"]

1. e4 c5 2. Nf3 g6 3. d4 cxd4 4. Nxd4 Bg7 5. c3 Nc6 6. Be3 Nf6 7. Bd3 O-O 8.
Nd2 d5 9. Nxc6 bxc6 10. f3 dxe4 11. Nxe4 Bf5 12. Nxf6+ Bxf6 13. Bxf5 gxf5 14.
Qc2 e6 15. Qf2 Qc7 16. O-O Kh8 17. Rad1 Rg8 18. g3 f4 19. Bxf4 Qxf4 20. Kh1 Qc7
21. Qc5 Rad8 22. b4 Rxd1 23. Rxd1 Rd8 24. Rxd8+ Qxd8 25. Qxa7 Qd1+ 26. Kg2 Qe2+
27. Kh3 h5 28. Qg1 Qxf3 29. Qc1 Kg7 30. c4 Qg4+ 31. Kg2 Qe2+ 32. Kh3 Qxa2 33.
Qf4 Qb1 34. Qf3 Kg6 35. Qxc6 Qf1+ 36. Qg2 Qxc4 37. Qd2 Qf1+ 38. Qg2 Qf5+ 39. g4
Qd3+ 40. Qg3 Qf1+ 41. Qg2 Qxg2+ 42. Kxg2 hxg4 43. Kg3 Kg5 0-1

[Event "Collado Villalba 2015 Torneo B"]
[Site "Collado Villalba (ESP)"]
[Date "2015.08.29"]
[Round "8.18"]
[White "Fernandez Rios, Jose Francisco"]
[Black "Martinez Martinez, Manuel Ii"]
[Result "1-0"]
[WhiteElo "1782"]
[BlackElo "1678"]
[PlyCount "109"]
[EventDate "2015.08.22"]
[EventType "swiss"]
[EventRounds "9"]
[EventCountry "ESP"]
[Source "lmi"]
[SourceDate "2015.08.22"]

1. d4 e6 2. c4 c6 3. Nf3 d5 4. e3 Nf6 5. Nbd2 Be7 6. Bd3 Nbd7 7. b3 Qc7 8. Bb2
b6 9. Rc1 Bb7 10. Ne5 Bd6 11. f4 c5 12. O-O cxd4 13. cxd5 Qd8 14. Nxd7 Qxd7 15.
dxe6 Qxe6 16. Bxd4 O-O 17. Nf3 h6 18. Bb1 Bc5 19. Bxc5 bxc5 20. Re1 Rad8 21.
Qe2 Ba6 22. Qc2 Bd3 23. Qxc5 Bxb1 24. Rxb1 Ne4 25. Qe5 Nd2 26. Qxe6 Nxf3+ 27.
gxf3 fxe6 28. Red1 Kf7 29. Rbc1 Kf6 30. Kf2 g5 31. fxg5+ hxg5 32. Kg3 a5 33.
Rxd8 Rxd8 34. Rc5 Ra8 35. Kg4 a4 36. b4 Rd8 37. Ra5 Rd3 38. Rxa4 Rxe3 39. b5
Re2 40. a3 Rxh2 41. b6 Rh4+ 42. Kg3 Rxa4 43. b7 Rxa3 44. b8=Q Ra6 45. Qd8+ Ke5
46. Qxg5+ Kd6 47. Qd8+ Kc5 48. Kf4 Rd6 49. Qf8 Kd5 50. Qa8+ Rc6 51. Qd8+ Kc5
52. Ke5 Kb5 53. Qd7 Kb6 54. Qxc6+ Kxc6 55. Kxe6 1-0

[Event "Collado Villalba 2015 Torneo B"]
[Site "Collado Villalba (ESP)"]
[Date "2015.08.29"]
[Round "8.19"]
[White "Fernandez Estremera, Fernando"]
[Black "Jimenez Jimenez, Darfo"]
[Result "0-1"]
[WhiteElo "1672"]
[BlackElo "1686"]
[PlyCount "78"]
[EventDate "2015.08.22"]
[EventType "swiss"]
[EventRounds "9"]
[EventCountry "ESP"]
[Source "lmi"]
[SourceDate "2015.08.22"]

1. d4 g6 2. c4 Bg7 3. Nc3 d6 4. e4 e5 5. d5 Ne7 6. Be3 O-O 7. Qc2 f5 8. f3 Na6
9. a3 fxe4 10. fxe4 c5 11. Nf3 Nc7 12. Be2 a6 13. b4 b6 14. bxc5 bxc5 15. O-O
Rb8 16. Rab1 Bd7 17. Rxb8 Qxb8 18. Bxc5 Ncxd5 19. Nxd5 Nxd5 20. cxd5 dxc5 21.
Qxc5 Rc8 22. Qe3 Bf8 23. Rc1 Rxc1+ 24. Qxc1 Qb6+ 25. Kf1 Bd6 26. Qc3 Qb1+ 27.
Kf2 Qxe4 28. Bxa6 Qf5 29. Ke1 Qb1+ 30. Ke2 e4 31. Nd2 Bg4+ 32. Nf3 exf3+ 33.
gxf3 Bf5 34. Qc6 Qb2+ 35. Ke3 Qxa3+ 36. Ke2 Qb2+ 37. Ke3 Qxh2 38. Bc8 Bc5+ 39.
Qxc5 Qg1+ 0-1

[Event "Collado Villalba 2015 Torneo B"]
[Site "Collado Villalba (ESP)"]
[Date "2015.08.29"]
[Round "8.20"]
[White "Merino Conrado, Ricardo"]
[Black "Martinez Pintor, Juan"]
[Result "1-0"]
[WhiteElo "1468"]
[BlackElo "1684"]
[PlyCount "153"]
[EventDate "2015.08.22"]
[EventType "swiss"]
[EventRounds "9"]
[EventCountry "ESP"]
[Source "lmi"]
[SourceDate "2015.08.22"]

1. e4 e6 2. d4 d5 3. exd5 exd5 4. Bd3 Nc6 5. c3 Bd6 6. Ne2 Nge7 7. Qc2 Bg4 8.
h3 Bh5 9. Nf4 Bg6 10. Nxg6 Nxg6 11. Be3 O-O 12. Bxg6 hxg6 13. Nd2 f5 14. Nf3
Qf6 15. O-O-O f4 16. Bd2 Qf5 17. Ne1 Qxc2+ 18. Kxc2 Rae8 19. Nd3 g5 20. Rde1
Ne7 21. h4 g4 22. Re6 Nf5 23. Rxe8 Rxe8 24. Bxf4 g3 25. fxg3 Nxg3 26. Bxg3 Bxg3
27. Kd1 Kh7 28. Rh3 Bd6 29. g4 Re4 30. Nf2 Re7 31. Rf3 b5 32. Kd2 a5 33. a3 c5
34. Rf5 b4 35. cxb4 cxb4 36. a4 Bg3 37. Nd3 Rd7 38. h5 Bc7 39. Ne5 Re7 40. Ng6
Re4 41. Rxd5 Rxg4 42. b3 Bb6 43. Nf8+ Kg8 44. Ne6 Kf7 45. Rd6 Ba7 46. Kd3 Ke7
47. Ra6 Bb8 48. Nc5 Bc7 49. Re6+ Kf7 50. d5 Rg5 51. Kc4 Rxh5 52. Re3 Re5 53.
Ne4 g5 54. Rf3+ Kg6 55. Rf6+ Kg7 56. Re6 Rxe6 57. dxe6 g4 58. e7 Kf7 59. e8=Q+
Kxe8 60. Nf6+ Ke7 61. Nxg4 Ke6 62. Nf2 Kd6 63. Ne4+ Kc6 64. Nf6 Bh2 65. Ne4 Be5
66. Nc5 Bh2 67. Ne6 Kd6 68. Nd4 Bg1 69. Ne2 Bb6 70. Kb5 Bd8 71. Nd4 Kd5 72. Nc6
Bc7 73. Nxa5 Bxa5 74. Kxa5 Kc5 75. Ka6 Kc6 76. a5 Kc7 77. Kb5 1-0

[Event "Collado Villalba 2015 Torneo B"]
[Site "Collado Villalba (ESP)"]
[Date "2015.08.29"]
[Round "8.22"]
[White "Fernandez Martinez, Luis"]
[Black "Salgado Duarte, Pablo"]
[Result "1/2-1/2"]
[WhiteElo "1944"]
[BlackElo "1533"]
[PlyCount "64"]
[EventDate "2015.08.22"]
[EventType "swiss"]
[EventRounds "9"]
[EventCountry "ESP"]
[Source "lmi"]
[SourceDate "2015.08.22"]

1. e4 c5 2. Nf3 Nc6 3. c3 d6 4. Be2 Nf6 5. d3 e5 6. O-O h6 7. h3 Be7 8. Nh2 Be6
9. f4 exf4 10. Bxf4 Qb6 11. Qc2 O-O 12. Na3 Qd8 13. Rad1 a6 14. Be3 Rc8 15. Qb1
d5 16. Bf3 d4 17. cxd4 cxd4 18. Bc1 Nb4 19. b3 Nd7 20. Nc4 b5 21. Nb2 Ne5 22.
Bf4 Ng6 23. Bg3 Bd6 24. Bxd6 Qxd6 25. Bg4 Ne5 26. Bxe6 Qxe6 27. Nf3 Nxf3+ 28.
Rxf3 Nc2 29. Rf2 Na3 30. Qa1 Nc2 31. Qb1 Na3 32. Qa1 Nc2 1/2-1/2

[Event "Collado Villalba 2015 Torneo B"]
[Site "Collado Villalba (ESP)"]
[Date "2015.08.29"]
[Round "8.23"]
[White "Suarez Prieto, Leopoldo"]
[Black "Rufo Yebra, Benito"]
[Result "1-0"]
[WhiteElo "1646"]
[BlackElo "1486"]
[PlyCount "35"]
[EventDate "2015.08.22"]
[EventType "swiss"]
[EventRounds "9"]
[EventCountry "ESP"]
[Source "lmi"]
[SourceDate "2015.08.22"]

1. e4 e5 2. Bc4 Nf6 3. f4 d6 4. d3 Bg4 5. Nf3 Nc6 6. c3 a6 7. a3 Be7 8. f5 g6
9. h3 Bxf3 10. Qxf3 Qd7 11. Be3 gxf5 12. exf5 h5 13. Nd2 h4 14. Ne4 Nxe4 15.
dxe4 f6 16. Be6 Qd8 17. Qg4 Bf8 18. Qg6+ 1-0

[Event "Collado Villalba 2015 Torneo B"]
[Site "Collado Villalba (ESP)"]
[Date "2015.08.29"]
[Round "8.24"]
[White "Benito Alba, Eladio"]
[Black "Bermejo Calvo, Nora"]
[Result "1-0"]
[WhiteElo "1598"]
[BlackElo "1313"]
[PlyCount "111"]
[EventDate "2015.08.22"]
[EventType "swiss"]
[EventRounds "9"]
[EventCountry "ESP"]
[Source "lmi"]
[SourceDate "2015.08.22"]

1. d4 e6 2. c4 d5 3. Nf3 c5 4. e3 Nc6 5. Nc3 Nf6 6. Bd3 dxc4 7. Bxc4 Bd7 8. O-O
cxd4 9. exd4 Bd6 10. Bg5 h6 11. Bh4 O-O 12. d5 Ne5 13. Nxe5 Bxe5 14. Re1 Qc7
15. Bxf6 Bxf6 16. dxe6 Bxe6 17. Bxe6 fxe6 18. Qb3 Qf7 19. Qxe6 Bh4 20. g3 Qxe6
21. Rxe6 Bf6 22. Rd1 Rac8 23. Rd3 Rfd8 24. Rxd8+ Rxd8 25. Re2 Rc8 26. Nd5 Rc1+
27. Kg2 Bd4 28. Rd2 Be5 29. f4 Bd6 30. Kf3 Bc5 31. Ne3 Kh7 32. g4 Rg1 33. Re2
Kg6 34. h4 h5 35. f5+ Kh6 36. g5+ Kh7 37. Ke4 Bxe3 38. Rxe3 Rg4+ 39. Ke5 Rxh4
40. f6 Kg6 41. Ke6 Rf4 42. Ke7 gxf6 43. gxf6 Rxf6 44. Rg3+ Kf5 45. Rf3+ Kg5 46.
Rxf6 h4 47. Rf1 Kg4 48. Kd7 Kg3 49. Kc7 b5 50. Kc6 b4 51. Kb5 b3 52. a3 Kg2 53.
Rd1 Kf2 54. Kb4 Ke2 55. Rh1 Kd2 56. Kxb3 1-0

[Event "Collado Villalba 2015 Torneo B"]
[Site "Collado Villalba (ESP)"]
[Date "2015.08.29"]
[Round "8.26"]
[White "Fernandez Garcia, Emiliano"]
[Black "Gonzalez Garcia, Soraya"]
[Result "1-0"]
[WhiteElo "1534"]
[BlackElo "1526"]
[PlyCount "115"]
[EventDate "2015.08.22"]
[EventType "swiss"]
[EventRounds "9"]
[EventCountry "ESP"]
[Source "lmi"]
[SourceDate "2015.08.22"]

1. d4 Nf6 2. c4 g6 3. Nc3 Bg7 4. e4 d6 5. Be2 O-O 6. Nf3 e5 7. O-O Nc6 8. d5
Ne7 9. b4 Ne8 10. Nd2 f5 11. f3 f4 12. Nb3 h5 13. c5 g5 14. cxd6 cxd6 15. Bd2
Rf7 16. Rc1 Bf8 17. a4 Rg7 18. b5 g4 19. Kh1 g3 20. hxg3 fxg3 21. f4 Nf5 22.
Bg4 Qh4+ 23. Bh3 Ne3 24. Bxe3 Bxh3 25. Rf3 Bg4+ 26. Kg1 Qh2+ 27. Kf1 Qh4 28.
Bg1 Bxf3 29. Qxf3 Qxf4 30. Qxf4 exf4 31. Ne2 h4 32. Bd4 Rf7 33. Ng1 Bg7 34. Ke2
Bxd4 35. Nxd4 Nf6 36. Kf3 Re8 37. Nf5 Rd7 38. Rc4 Nh5 39. Nxh4 Ng7 40. Kxf4
Nh5+ 41. Kg5 Re5+ 42. Kg4 Nf6+ 43. Kf3 Rh7 44. Nf5 Rh1 45. Nh3 Re1 46. Ng5 Rf1+
47. Kxg3 Nxe4+ 48. Rxe4 Rxe4 49. Nxe4 Rxf5 50. Nxd6 Rg5+ 51. Kf3 b6 52. Ke4
Rxg2 53. Nc8 Ra2 54. d6 Rxa4+ 55. Ke5 Ra2 56. d7 Rd2 57. Nd6 Re2+ 58. Ne4 1-0

[Event "Collado Villalba 2015 Torneo B"]
[Site "Collado Villalba (ESP)"]
[Date "2015.08.29"]
[Round "8.27"]
[White "Algaba Traspuesto, Jose Antoni"]
[Black "Gallego Romero, Manuel"]
[Result "1-0"]
[WhiteElo "1611"]
[BlackElo "1483"]
[PlyCount "63"]
[EventDate "2015.08.22"]
[EventType "swiss"]
[EventRounds "9"]
[EventCountry "ESP"]
[Source "lmi"]
[SourceDate "2015.08.22"]

1. e4 e5 2. Nf3 Nc6 3. Bc4 h6 4. O-O d6 5. d4 exd4 6. Nxd4 Ne5 7. Bb3 Bd7 8. f4
Ng4 9. Qe1 Qe7 10. h3 h5 11. Nc3 c6 12. e5 d5 13. hxg4 hxg4 14. f5 O-O-O 15. e6
Be8 16. Bf4 f6 17. Qe3 b6 18. Rad1 g5 19. fxg6 Qb7 20. Nf5 Bxg6 21. e7 Bxe7 22.
Nxe7+ Nxe7 23. Qe6+ Qd7 24. Qxf6 Rdf8 25. Qe5 Kb7 26. Bg3 Rh5 27. Qd6 Qe8 28.
Rxf8 Qxf8 29. Re1 Rh7 30. Nxd5 cxd5 31. Bxd5+ Ka6 32. Qa3+ 1-0

[Event "Collado Villalba 2015 Torneo B"]
[Site "Collado Villalba (ESP)"]
[Date "2015.08.29"]
[Round "8.28"]
[White "Veuthey Martinez, Eloy"]
[Black "Orta Vazquez, Mario"]
[Result "0-1"]
[WhiteElo "1557"]
[BlackElo "1409"]
[PlyCount "52"]
[EventDate "2015.08.22"]
[EventType "swiss"]
[EventRounds "9"]
[EventCountry "ESP"]
[Source "lmi"]
[SourceDate "2015.08.22"]

1. d4 Nf6 2. Nf3 e6 3. e3 b6 4. Bd3 Bb7 5. Nbd2 Be7 6. O-O O-O 7. b3 d5 8. Bb2
Nbd7 9. Re1 Rc8 10. e4 dxe4 11. Nxe4 Nxe4 12. Bxe4 Bxe4 13. Rxe4 Nf6 14. Re2 c6
15. Qe1 Nd5 16. Rd1 b5 17. Ne5 Nf4 18. Re4 Nd5 19. Nd3 a5 20. Nc5 Bxc5 21. dxc5
Qg5 22. Qxa5 Ra8 23. Qd2 Qxd2 24. Rxd2 Rxa2 25. Be5 f6 26. Bd6 Ra1+ 0-1

[Event "Collado Villalba 2015 Torneo B"]
[Site "Collado Villalba (ESP)"]
[Date "2015.08.29"]
[Round "8.29"]
[White "Penas Merino, Ramona"]
[Black "Buergo Villanueva, Fernando"]
[Result "0-1"]
[WhiteElo "1436"]
[BlackElo "1308"]
[PlyCount "94"]
[EventDate "2015.08.22"]
[EventType "swiss"]
[EventRounds "9"]
[EventCountry "ESP"]
[Source "lmi"]
[SourceDate "2015.08.22"]

1. d4 d5 2. c4 c6 3. e3 e6 4. Nf3 Nd7 5. Nc3 Bb4 6. a3 Ba5 7. Bd2 Bc7 8. cxd5
cxd5 9. Bd3 Ngf6 10. Nb5 Bb8 11. Bb4 h6 12. O-O a6 13. Nd6+ Bxd6 14. Bxd6 Ne4
15. Bxe4 dxe4 16. Ne5 Nxe5 17. Bxe5 O-O 18. Qc2 f6 19. Bc7 Qd5 20. Rac1 a5 21.
Qd2 Ra6 22. Rc5 Qd7 23. Rfc1 Rc6 24. Rxc6 bxc6 25. Bxa5 e5 26. Qc3 Bb7 27. dxe5
Qe6 28. exf6 Qxf6 29. Qxf6 Rxf6 30. g3 Rf5 31. Bc3 h5 32. a4 c5 33. Ra1 g5 34.
a5 Ba6 35. Rd1 Bd3 36. b4 cxb4 37. Bxb4 Rb5 38. Be1 Rc5 39. Ra1 Ba6 40. Bb4 Rb5
41. Be7 Kf7 42. Bd8 Ke8 43. Bb6 Kd7 44. Rc1 Kd6 45. Rc7 Rb1+ 46. Kg2 Bf1+ 47.
Kg1 Bh3+ 0-1

[Event "Collado Villalba 2015 Torneo B"]
[Site "Collado Villalba (ESP)"]
[Date "2015.08.29"]
[Round "8.30"]
[White "Cortijo Manso, Luis"]
[Black "Lianes Garcia, Alicia"]
[Result "0-1"]
[WhiteElo "1529"]
[BlackElo "1277"]
[PlyCount "64"]
[EventDate "2015.08.22"]
[EventType "swiss"]
[EventRounds "9"]
[EventCountry "ESP"]
[Source "lmi"]
[SourceDate "2015.08.22"]

1. Nf3 c5 2. g3 Nf6 3. Bg2 g6 4. c4 Bg7 5. Nc3 Nc6 6. O-O O-O 7. d4 cxd4 8.
Nxd4 a6 9. Re1 e5 10. Nc2 Qc7 11. Ne3 d6 12. Ned5 Nxd5 13. Nxd5 Qd8 14. e4 Be6
15. Bd2 Rc8 16. Qb3 Nd4 17. Qc3 b5 18. Rac1 Rxc4 19. Qa5 Rxc1 20. Rxc1 Ne2+ 21.
Kh1 Nxc1 22. Qxd8 Rxd8 23. Bxc1 Bxd5 24. exd5 Rc8 25. Be3 Rc2 26. Be4 Rxb2 27.
a4 bxa4 28. Bd3 a3 29. Bc1 Ra2 30. Kg2 Ra1 31. Be3 a2 32. Bc4 Rg1+ 0-1

[Event "Collado Villalba 2015 Torneo B"]
[Site "Collado Villalba (ESP)"]
[Date "2015.08.29"]
[Round "8.32"]
[White "Lancharro Delgado, Miguel"]
[Black "Criado Herrero, Luis"]
[Result "0-1"]
[WhiteElo "1247"]
[BlackElo "1501"]
[PlyCount "50"]
[EventDate "2015.08.22"]
[EventType "swiss"]
[EventRounds "9"]
[EventCountry "ESP"]
[Source "lmi"]
[SourceDate "2015.08.22"]

1. e4 c5 2. Nf3 d6 3. d4 cxd4 4. Nxd4 Nf6 5. Nc3 e6 6. Be2 a6 7. O-O Be7 8. Be3
O-O 9. h3 Nc6 10. Nf3 Qc7 11. Qd2 b5 12. Rad1 Rd8 13. a4 b4 14. Na2 a5 15. Bb5
Nxe4 16. Qd3 Nc5 17. Bxc5 dxc5 18. Qe4 Bb7 19. Bd3 g6 20. b3 Nd4 21. Qe3 Nxf3+
22. gxf3 Rd5 23. c4 Bg5 24. Qe4 Rd4 25. Qe2 Rh4 0-1